|
|
|
|
| LEADER |
02183nam a2200529 i 4500 |
| 001 |
001643519 |
| 003 |
CZ BrMZK |
| 005 |
20180903140826.0 |
| 007 |
ta |
| 008 |
180823t20142014xxu e 001 0 eng |
| 020 |
|
|
|a 978-1-4985-2051-5
|q (brožováno)
|
| 040 |
|
|
|a BOA001
|b cze
|e rda
|
| 043 |
|
|
|a ee-----
|a e-ur---
|
| 044 |
|
|
|a xxu
|a xxc
|a xxk
|
| 045 |
|
|
|a x4x8
|
| 072 |
|
7 |
|a 327
|x Mezinárodní vztahy, světová politika
|2 Konspekt
|9 15
|
| 080 |
|
|
|a 327.54
|2 MRF
|
| 080 |
|
|
|a 328/329
|2 MRF
|
| 080 |
|
|
|a 327
|2 MRF
|
| 080 |
|
|
|a (47+57)
|2 MRF
|
| 080 |
|
|
|a (4-191.2)+(4-11)
|2 MRF
|
| 080 |
|
|
|a (082)
|2 MRF
|
| 245 |
0 |
0 |
|a Imposing, maintaining, and tearing open the Iron Curtain :
|b the Cold War and East-Central Europe, 1945-1989 /
|c edited by Mark Kramer and Vít Smetana
|
| 264 |
|
1 |
|a Lanham ;
|a Boulder ;
|a New York ;
|a Toronto ;
|a Plymouth :
|b Lexington Books,
|c [2014]
|
| 264 |
|
4 |
|c ©2014
|
| 300 |
|
|
|a xviii, 563 stran ;
|c 24 cm
|
| 336 |
|
|
|a text
|b txt
|2 rdacontent
|
| 337 |
|
|
|a bez média
|b n
|2 rdamedia
|
| 338 |
|
|
|a svazek
|b nc
|2 rdacarrier
|
| 490 |
1 |
|
|a The Harvard Cold War studies book series
|
| 504 |
|
|
|a Obsahuje bibliografické odkazy a rejstřík
|
| 648 |
|
7 |
|a 1945-1989
|7 ch460657
|2 czenas
|
| 650 |
0 |
7 |
|a studená válka (1945-1989)
|7 ph126165
|2 czenas
|
| 651 |
|
7 |
|a Sovětský svaz
|7 ge128583
|x politika a vláda
|y 1945-1989
|2 czenas
|
| 651 |
|
7 |
|a Sovětský svaz
|7 ge128583
|x zahraniční vztahy
|y 1945-1989
|2 czenas
|
| 651 |
|
7 |
|a Evropa střední a východní
|7 ge128476
|x politika a vláda
|y 1945-1989
|2 czenas
|
| 651 |
|
7 |
|a Evropa střední a východní
|7 ge128476
|x zahraniční vztahy
|y 1945-1989
|2 czenas
|
| 651 |
|
7 |
|a země východního bloku (1945-1989)
|7 ge834001
|x politika a vláda
|2 czenas
|
| 651 |
|
7 |
|a země východního bloku (1945-1989)
|7 ge834001
|x zahraniční vztahy
|2 czenas
|
| 655 |
|
7 |
|a sborníky
|7 fd163935
|2 czenas
|
| 700 |
1 |
|
|a Kramer, Mark
|7 osa2013749642
|4 edt
|
| 700 |
1 |
|
|a Smetana, Vít,
|d 1973-
|7 js20030317004
|4 edt
|
| 830 |
|
0 |
|a Harvard Cold War studies book series
|
| 910 |
|
|
|a BOA001
|b 2-1411.567
|
| 990 |
|
|
|a BK
|
| 991 |
|
|
|b 201809
|c NOV
|
| 996 |
6 |
|
|b 2610751701
|c 2-1411.567
|l MZK
|r HSS 4p
|n 0
|p kupz
|h 327 KRA
|w 001679497
|u 000010
|a 0
|e BOA001
|j MZK50
|s P
|